01377 2200421 4500001002100000005001500021035002000036007000300056008004100059020002200100040002200122082001600144084001800160090002000178100002500198245021400223300002800437650001800465700002500483700003100508700002600539700002800565700003100593700002900624700002600653700002700679700002300706700002100729700002500750850001200775264004300787336002100830337003000851338002300881440001100904990002000915990002000935INLIS00000000085141420191002025432 a0010-1019000141ta191002s2018 jki b j ind d a978-602-513-738-9 aYOPDYOGbinderda04223a808.301 a808.301 KEE p aK 808.301 KEE p0 aKeenant Teaepenulis10aPayung cerita warna-warni /cpenulis, Keenant Tea, Rahisa Dewi, Rosalina Fiantini, ST Mukaromah, Ery Widyastuti, Unsiyah Anggraeni, Ratih Widayanti, Titis Widias, Ajeng Ryagita, Enin Erni, Susanti, Sefi Rahayu av, 144 halaman ;c21 cm 4aCerita pendek0 aRahisa Dewiepenulis0 aRosalina Fiantiniepenulis0 aST Mukaromahepenulis0 aEry Widyastutiepenulis0 aUnsiyah Anggraeniepenulis0 aRatih Widayantiepenulis0 aTitis Widiasepenulis0 aAjeng Ryagitaepenulis0 aEnin Erniepenulis0 aSusantiepenulis0 aSefi Rahayuepenulis aYOPDYOG31a[Jakarta] :bBitread Publishing,c2018 2rdacontentateks 2rdamediaatanpa perantara 2rdacarrieravolume aSeri I a41136-PD/B.2019 a41137-PD/B.2019